000 00843nam a2200253 i 4500
001 17586
003 ES-MaACL
005 20231227062531.0
007 t|
008 010405s2000 sp ||||1| spa d
020 _a84-8164-36-10
080 _a929 Jiménez, Juan Ramón
080 _a821.134.2 Jiménez, Juan Ramón 1.06
100 1 _aPau Pedrón, Antonio.
_989620
245 1 0 _aJuan Ramón Jiménez
_b: el poeta en el jardín /
_cJuan Ramón Jiménez ; ilustraciones de Angeles Echave-Sustaeta.
260 _aMadrid :
_bTrotta,
_c[2000]
300 _a98 p. :
_bil. ;
_c23 cm.
490 1 _aLa dicha de enmudecer
600 1 4 _aJiménez, Juan Ramón,
_d1881-1958
_966417
700 1 _aEchave-Sustaeta, Ángeles.
_946515
830 0 _aLa dicha de enmudecer
_9179754
852 _aES-MaACL
_jL-24505
_bR.129691
999 _c17586
_d17586